Prospects for the portfolio in the russian educational system; Вестник науки Сибири; № 5 (6)
| Parent link: | Вестник науки Сибири: электронный научный журнал/ Томский политехнический университет (ТПУ).— , 2011-.— 2226-0064 № 5 (6).— 2012.— [С. 211-219] |
|---|---|
| Κύριος συγγραφέας: | |
| Περίληψη: | Заглавие с титульного листа The article gives the historical background of portfolio, its historical route to the educational system. We consider the arguments for the use of portfolio, on the one hand, and arguments against this technology, on the other. Different materials on the subject are studied. The author comes to the conclusion that portfolio is a promising method in the Russian educational system, being a mechanism for making students successful in their studying activities as well as in a professional career. Рассматривается история возникновения портфолио и его путь в образовательную систему. Рассматриваются аргументы за и против применения данной технологии в образовании. Проанализированы различные материалы по теме исследования. Автором делается вывод, что портфолио является перспективным механизмом в российской образовательной системе, способствующим как образовательным достижениям студентов, так и их профессиональной карьере. |
| Γλώσσα: | Αγγλικά |
| Έκδοση: |
2012
|
| Σειρά: | Филология. Педагогика |
| Θέματα: | |
| Διαθέσιμο Online: | http://earchive.tpu.ru/handle/11683/15977 |
| Μορφή: | Ηλεκτρονική πηγή Κεφάλαιο βιβλίου |
| KOHA link: | https://koha.lib.tpu.ru/cgi-bin/koha/opac-detail.pl?biblionumber=496791 |
MARC
| LEADER | 00000naa2a2200000 4500 | ||
|---|---|---|---|
| 001 | 496791 | ||
| 005 | 20231101101104.0 | ||
| 035 | |a (RuTPU)RU\TPU\prd\166556 | ||
| 035 | |a RU\TPU\prd\166554 | ||
| 090 | |a 496791 | ||
| 100 | |a 20130130d2012 k y0rusy50 ca | ||
| 101 | 0 | |a eng | |
| 102 | |a RU | ||
| 135 | |a drnn ---uucaa | ||
| 181 | 0 | |a i | |
| 182 | 0 | |a b | |
| 200 | 1 | |a Prospects for the portfolio in the russian educational system |d Перспективы портфолио в русской образовательной системе |f I. A. Mashukova | |
| 203 | |a Текст |c электронный | ||
| 215 | |a 1 файл (613 Кб) | ||
| 225 | 1 | |a Филология. Педагогика | |
| 230 | |a Электронные текстовые данные (1 файл : 613 Кб) | ||
| 300 | |a Заглавие с титульного листа | ||
| 320 | |a [Библиогр.: с. 217-218 (13 назв.)] | ||
| 330 | |a The article gives the historical background of portfolio, its historical route to the educational system. We consider the arguments for the use of portfolio, on the one hand, and arguments against this technology, on the other. Different materials on the subject are studied. The author comes to the conclusion that portfolio is a promising method in the Russian educational system, being a mechanism for making students successful in their studying activities as well as in a professional career. | ||
| 330 | |a Рассматривается история возникновения портфолио и его путь в образовательную систему. Рассматриваются аргументы за и против применения данной технологии в образовании. Проанализированы различные материалы по теме исследования. Автором делается вывод, что портфолио является перспективным механизмом в российской образовательной системе, способствующим как образовательным достижениям студентов, так и их профессиональной карьере. | ||
| 337 | |a Adobe Reader | ||
| 461 | 1 | |0 (RuTPU)RU\TPU\prd\143680 |x 2226-0064 |t Вестник науки Сибири |o электронный научный журнал |f Томский политехнический университет (ТПУ) |d 2011- | |
| 463 | 1 | |0 (RuTPU)RU\TPU\prd\166101 |t № 5 (6) |v [С. 211-219] |d 2012 | |
| 510 | 1 | |a Перспективы портфолио в русской образовательной системе |z rus | |
| 610 | 1 | |a российское образование | |
| 610 | 1 | |a образовательная система | |
| 610 | 1 | |a портфолио | |
| 610 | 1 | |a перспективы | |
| 610 | 1 | |a достижения | |
| 610 | 1 | |a профессиональная карьера | |
| 610 | 1 | |a успех | |
| 610 | 1 | |a история | |
| 610 | 1 | |a возникновение | |
| 610 | 1 | |a электронный ресурс | |
| 675 | |a 378.001:891 |v 3 | ||
| 700 | 1 | |a Mashukova |b I. A. | |
| 801 | 1 | |a RU |b 63413507 |c 20090623 |g PSBO | |
| 801 | 2 | |a RU |b 63413507 |c 20180116 |g PSBO | |
| 856 | 4 | |u http://earchive.tpu.ru/handle/11683/15977 | |
| 942 | |c BK | ||